La vasija de Oro y otros Cuentos Fantásticos (Registro nro. 2015)

Detalles MARC
000 -LEADER
fixed length control field 01027nam a22002297a 4500
003 - CONTROL NUMBER IDENTIFIER
control field OSt
005 - DATE AND TIME OF LATEST TRANSACTION
control field 20260310104239.0
008 - FIXED-LENGTH DATA ELEMENTS--GENERAL INFORMATION
fixed length control field 251020b |||||||| |||| 00| 0 ESPAd
020 ## - INTERNATIONAL STANDARD BOOK NUMBER
International Standard Book Number 9789978481288
082 ## - DEWEY DECIMAL CLASSIFICATION NUMBER
Edition number 9789978481288
100 ## - MAIN ENTRY--PERSONAL NAME
Personal name Ernest Theodor Amadeus Hoffmann
245 ## - TITLE STATEMENT
Title La vasija de Oro y otros Cuentos Fantásticos
260 ## - PUBLICATION, DISTRIBUTION, ETC.
Place of publication, distribution, etc. Quito-Ecuador
Name of publisher, distributor, etc. Velasque & Velasquez
Date of publication, distribution, etc. 2016
300 ## - PHYSICAL DESCRIPTION
Extent 245PAG
Dimensions 21X17 cm
490 ## - SERIES STATEMENT
Materials specified vinil
520 ## - SUMMARY, ETC.
Summary, etc. El protagonista, Anselmo, es un joven estudiante soñador que un día tropieza con una anciana y derrama su cesta de frutas. Este hecho aparentemente casual lo conduce a un mundo mágico, donde conoce a Serpentina, una criatura maravillosa, hija del archivero Lindhorst, quien resulta ser un poderoso espíritu guardián de secretos antiguos.
650 ## - SUBJECT ADDED ENTRY--TOPICAL TERM
Source of heading or term La vasija de oro
Topical term or geographic name entry element el cascanueces y el rey de los ratones
650 ## - SUBJECT ADDED ENTRY--TOPICAL TERM
Source of heading or term El cascanueces y el rey de los ratones
650 ## - SUBJECT ADDED ENTRY--TOPICAL TERM
Source of heading or term La suerte del jugador
700 ## - ADDED ENTRY--PERSONAL NAME
Personal name Theodor Amadeus
942 ## - ADDED ENTRY ELEMENTS (KOHA)
Source of classification or shelving scheme Dewey Decimal Classification
Koha item type Libros
Suppress in OPAC No
Existencias
Withdrawn status Lost status Source of classification or shelving scheme Damaged status Not for loan Collection Home library Current library Shelving location Date acquired Inventory number Total checkouts Full call number Barcode Date last seen Copy number Price effective from Koha item type
    Dewey Decimal Classification     Estantería E Fila2 Biblioteca Stanford Biblioteca Stanford Biblioteca Abierta 10.03.2026 0445   LECTURA BIBLIO0445 10.03.2026 1 10.03.2026 Libros
Bienvenido a nuestra Biblioteca